| 000 | 00376nam a22001457a 4500 | ||
|---|---|---|---|
| 020 | _a978-81-314-1884-0 | ||
| 082 |
_a150 _bPIL/C |
||
| 100 | _aPILLAI, VIMAL MICHAEL | ||
| 245 |
_aCHILD PROTECTION _bCHALLENGES AND INITIATIVES |
||
| 250 | _aFIRST EDITION | ||
| 260 |
_aHYDERABAD _bTHE ICFAI UNIVERSITY PRESS _c2008 |
||
| 300 | _a209 | ||
| 650 |
_aPSYCHOLOGY _zINDIA |
||
| 942 | _cBK | ||
| 999 |
_c5600 _d5600 |
||